Learning Resource and Development

Varney's midwifery / (Record no. 32081)

MARC details
000 -LEADER
fixed length control field 05025cam a2200493 i 4500
001 - CONTROL NUMBER
control field 22832173
003 - CONTROL NUMBER IDENTIFIER
control field CSPC
005 - DATE AND TIME OF LATEST TRANSACTION
control field 20260318160657.0
008 - FIXED-LENGTH DATA ELEMENTS--GENERAL INFORMATION
fixed length control field 221014s2024 maua b 001 0 eng
010 ## - LIBRARY OF CONGRESS CONTROL NUMBER
LC control number 2022050000
020 ## - INTERNATIONAL STANDARD BOOK NUMBER
International Standard Book Number 9781284250565
Qualifying information (hardcover)
035 ## - SYSTEM CONTROL NUMBER
System control number 22832173
040 ## - CATALOGING SOURCE
Original cataloging agency DNLM/DLC
Language of cataloging eng
Description conventions rda
Transcribing agency DLC
Modifying agency DLC
-- CSPC
042 ## - AUTHENTICATION CODE
Authentication code pcc
050 00 - LIBRARY OF CONGRESS CALL NUMBER
Classification number RG950
Item number .V37 2024
060 00 - NATIONAL LIBRARY OF MEDICINE CALL NUMBER
Classification number WY 157
082 00 - DEWEY DECIMAL CLASSIFICATION NUMBER
Classification number 618.2
Item number V431
Edition number 23/eng/20230429
084 ## - OTHER CLASSIFICATION NUMBER
Classification number MED058120
Number source bisacsh
245 00 - TITLE STATEMENT
Title Varney's midwifery /
Statement of responsibility, etc. edited by Julia Phillippi and Ira Kantrowitz-Gordon.
246 1# - VARYING FORM OF TITLE
Title proper/short title Midwifery
250 ## - EDITION STATEMENT
Edition statement Seventh edition.
264 #1 - PRODUCTION, PUBLICATION, DISTRIBUTION, MANUFACTURE, AND COPYRIGHT NOTICE
Place of production, publication, distribution, manufacture Burlington, Massachusetts :
Name of producer, publisher, distributor, manufacturer Jones & Bartlett Learning,
Date of production, publication, distribution, manufacture, or copyright notice 2024.
300 ## - PHYSICAL DESCRIPTION
Extent xli, 1687 pages :
Other physical details illustrations ;
Dimensions 28 cm.
336 ## - CONTENT TYPE
Content type term text
Content type code txt
Source rdacontent
337 ## - MEDIA TYPE
Media type term unmediated
Media type code n
Source rdamedia
338 ## - CARRIER TYPE
Carrier type term volume
Carrier type code nc
Source rdacarrier
504 ## - BIBLIOGRAPHY, ETC. NOTE
Bibliography, etc. note Includes bibliographical references and index.
505 0# - FORMATTED CONTENTS NOTE
Formatted contents note Part I. Midwifery -- Context of individuals seeking midwifery care -- Professional foundations of midwifery -- Part II. Primary care -- An introduction to sexual, reproductive, and primary care -- Health promotion across the lifespan -- Common conditions in primary care -- Nutrition -- Mental health conditions -- Part III. Sexual, gynecologic, and reproductive health care -- Anatomy and physiology of the reproductive health care -- Anatomy and physiology of the reproductive system -- Sexuality -- Fertility, family building, and contraception -- Nonhormonal contraception -- Hormonal contraception -- Gender-affirming care -- Menopause -- Menstrual cycle abnormalities -- Malignant and chronic gynecologic disorders -- Breast and chest conditions -- Reproductive tract and sexually transmitted infections -- Part IV. Antepartum -- Anatomy and physiology of pregnancy -- Assessment for genetic and fetal abnormalities -- Prenatal care -- Early pregnancy loss and abortion care -- Pregnancy-related Conditions -- Medical complications in pregnancy -- Part V. Intrapartum -- Anatomy and physiology of labor and birth -- First stage of labor -- Fetal assessment during labor -- Support during labor -- Second stage of labor and birth -- Complications during labor and birth -- Third stage of labor -- Birth in the home and birth center -- Part VI. Postpartum -- Anatomy and physiology of postpartum -- Postpartum care -- Postpartum complications -- Part VII. Newborn -- Anatomy and physiology of the newborn -- Infant feeding and lactation -- Physical assessment of the newborn -- Neonatal care -- Appendix A. Chapter alignment with ACNM core competencies and ICM essential competencies.
520 ## - SUMMARY, ETC.
Summary, etc. "Varney's Midwifery reflects current evidence-based guidelines. The Seventh Edition addresses care of women throughout the lifespan, including primary care, gynecology, maternity care in a variety of settings, and newborn care. It also provides new content on social determinants of health, the changing face of the population, and the population that midwives serve. It is known as the gold standard for midwifery practice"--
Assigning source Provided by publisher.
520 ## - SUMMARY, ETC.
Summary, etc. "Varney's Midwifery, Seventh Edition is the gold standard for midwifery practice. This text reflects current evidence-based guidelines and addresses care of women throughout the lifespan, including primary care, gynecology, maternity care in a variety of settings, and newborn care. It also provides content on social determinants of health, the changing face of the population, and the population that midwives serve.With chapters written by expert midwives with an emphasis on anatomy, physiology, and normal physiologic processes, this text will assist students and midwives in providing healthcare services today. Chapter appendices present essential skills that are designed to help students, midwives, and international readers learn skills that are core components of midwifery practice. These critical skills are evidence-based and include insertion of contraceptive devices, hand maneuvers for birth, management of a fetus in a breech presentation, and steps for managing postpartum hemorrhage"--
Assigning source Provided by publisher.
650 12 - SUBJECT ADDED ENTRY--TOPICAL TERM
Topical term or geographic name entry element Midwifery.
650 12 - SUBJECT ADDED ENTRY--TOPICAL TERM
Topical term or geographic name entry element Nurse midwives.
650 22 - SUBJECT ADDED ENTRY--TOPICAL TERM
Topical term or geographic name entry element Obstetric nursing.
650 22 - SUBJECT ADDED ENTRY--TOPICAL TERM
Topical term or geographic name entry element Pregnancy.
650 22 - SUBJECT ADDED ENTRY--TOPICAL TERM
Topical term or geographic name entry element Pregnancy complications.
650 #7 - SUBJECT ADDED ENTRY--TOPICAL TERM
Topical term or geographic name entry element MEDICAL / Nursing / Maternity, Perinatal, Women's Health
Source of heading or term bisacsh
700 1# - ADDED ENTRY--PERSONAL NAME
Personal name Phillippi, Julia,
Relator term editor.
700 1# - ADDED ENTRY--PERSONAL NAME
Personal name Kantrowitz-Gordon, Ira,
Dates associated with a name 1968-
Relator term editor.
776 08 - ADDITIONAL PHYSICAL FORM ENTRY
Relationship information Online version:
Title Varney's midwifery
Edition Seventh edition.
Place, publisher, and date of publication Burlington, MA : Jones & Bartlett Learning, [2024]
International Standard Book Number 9781284250572
Record control number (DLC) 2022050001
906 ## - LOCAL DATA ELEMENT F, LDF (RLIN)
a 7
b cbc
c orignew
d 1
e ecip
f 20
g y-gencatlg
942 ## - ADDED ENTRY ELEMENTS (KOHA)
Source of classification or shelving scheme Dewey Decimal Classification
Koha item type Books
Edition 23
Classification part 618.2
Item part V431
Call number prefix NUR
Call number suffix 2024
Suppress in OPAC No
Holdings
Withdrawn status Lost status Source of classification or shelving scheme Damaged status Not for loan Home library Current library Shelving location Date acquired Total Checkouts Full call number Barcode Date last seen Copy number Price effective from Koha item type
    Dewey Decimal Classification     Main Library Main Library Nursing Section 03/18/2026   NUR 618.2 V431 2024 031457 03/18/2026 1-1 03/18/2026 Books